Leo Primero Lenguaje y Comunicación 1° básico Tomo 2

Guardado en:
Detalles Bibliográficos
Autor principal: Sin autor
Formato: Libro
Lenguaje:español
Publicado: Santiago Mineduc s f.
Edición:4
Catálogo:MANES:  Resultados de Búsqueda del Catálogo
Clasificación de libros de texto:
Etiquetas: Agregar Etiqueta
Sin Etiquetas, Sea el primero en etiquetar este registro!
Añadido a:2024-03-12
Cambiado en:2025-04-25

MARC

LEADER 00000nam a22000007a 4500
005 20250425101615.0
008 240313b |||||||| |||| 00| 0 spa d
040 |a MGM 
100 |9 11659  |a Sin autor 
245 |a Leo Primero Lenguaje y Comunicación 1° básico Tomo 2 
250 |a 4 
260 |a Santiago  |b Mineduc  |c s f. 
300 |a 215 p.  |b 21 X 27,5 cm. 
546 |a Chile 
561 |5 cl-MGM  |3 T Lectura/Escritura 0349  |a Chile. Museo Gabriela Mistral  |k MANES 
690 |a LEN 
691 |a PRI 
942 |2 ddc  |c BK 
999 |c 101950  |d 101950 
999 |c manes:101950  |d 101950